000 00672cam a22002413a 4500
001 19541
003 PGUSA
005 20140828083420.0
008 061014s2006||||xxu|||||s|||||000 p eng d
040 _aPGUSA
_beng
042 _adc
050 4 _aPZ
100 1 _aGreenaway, Kate,
_d1846-1901
245 1 0 _aMarigold Garden
_h[electronic resource] /
_cKate Greenaway
260 _bProject Gutenberg,
_c2006
500 _aIllustrated by the author.
506 _aPublic domain in the USA.
516 _aElectronic text
653 _aChildren's poetry, English
830 0 _aProject Gutenberg
_v19541
856 4 0 _uhttp://www.gutenberg.org/ebooks/19541
942 _cEB
999 _c248796
_d248796